Principles of physics : (Record no. 897)

MARC details
000 -LEADER
fixed length control field 00558nam a2200217 4500
005 - DATE AND TIME OF LATEST TRANSACTION
control field 20141021160831.0
007 - PHYSICAL DESCRIPTION FIXED FIELD--GENERAL INFORMATION
fixed length control field 000
008 - FIXED-LENGTH DATA ELEMENTS--GENERAL INFORMATION
fixed length control field 000
020 ## - INTERNATIONAL STANDARD BOOK NUMBER
International Standard Book Number 0534492622
040 ## - CATALOGING SOURCE
Original cataloging agency UOEL
050 ## - LIBRARY OF CONGRESS CALL NUMBER
Classification number QC23
Item number .S4 2002
100 ## - MAIN ENTRY--PERSONAL NAME
Personal name Serway, Raymond A.
245 ## - TITLE STATEMENT
Title Principles of physics :
Statement of responsibility, etc a culculus - based text /
250 ## - EDITION STATEMENT
Edition statement 3rd ed.
260 ## - PUBLICATION, DISTRIBUTION, ETC. (IMPRINT)
Place of publication, distribution, etc Australia ;
Name of publisher, distributor, etc Thomson learning ,
Date of publication, distribution, etc c2002.
300 ## - PHYSICAL DESCRIPTION
Extent xxxi, 1206, 23 p. :
Other physical details ill. col.
500 ## - GENERAL NOTE
General note Includes index
650 ## - SUBJECT ADDED ENTRY--TOPICAL TERM
Topical term or geographic name as entry element Physics - principles
General subdivision Physics
700 ## - ADDED ENTRY--PERSONAL NAME
Personal name Jewett, Jr. John W.
942 ## - ADDED ENTRY ELEMENTS (KOHA)
Source of classification or shelving scheme Library of Congress Classification
Item type Short Loan for 1 day
Holdings
Withdrawn status Lost status Source of classification or shelving scheme Damaged status Not for loan Home library Current library Shelving location Date acquired Total Checkouts Full call number Barcode Date last seen Date last borrowed Copy number Price effective from Koha item type
    Library of Congress Classification     UOE Main Library UOE Main Library Short Loan Area 21/10/2014 15 QC23 .S4 2002 20140936 27/04/2026 04/12/2017 20140936 21/10/2014 Short Loan for 1 day